| 000 | 00715nam a2200265Ia 4500 | ||
|---|---|---|---|
| 005 | 20260121170048.0 | ||
| 008 | 008 260114s9999 xx 000 0 eng d | ||
| 020 | _a9783319225609 | ||
| 037 | _aEBOOK | ||
| 040 | _aCRL | ||
| 040 | _beng | ||
| 040 | _cCRL | ||
| 041 | _2eng | ||
| 041 | _aeng | ||
| 084 | _qCRL | ||
| 100 |
_aSiamak Khorram, Cynthia F. van der Wiele, Frank H. Koch, Stacy A. C. Nelson, Matthew D. Potts _91059349 |
||
| 245 | 0 | _aPrinciples of Applied Remote Sensing | |
| 260 | _bSpringer | ||
| 260 | _bSpringer | ||
| 260 | _c2016 | ||
| 856 | _uhttps://link.springer.com/openurl?genre=book&isbn=978-3-319-22560-9 | ||
| 942 | _cEBOOK | ||
| 999 |
_c1625078 _d1625078 |
||